| 000 | 01158nam a2200265 a 4500 | ||
|---|---|---|---|
| 001 | 000005023 | ||
| 005 | 20240307073944.0 | ||
| 008 | 090729s1996 dr a 001 0 spa d | ||
| 040 |
_aDO-SdBNP _bspa _cBNPHU |
||
| 082 |
_a362.1 _bP962e |
||
| 245 | 0 | 0 |
_aProblemas, enfoques y estrategias en salud pública : _btendencias nacionales e internacionales / _ccompilación y edición Maricela Duval Pérez, Rosa María Borrel Bentz. |
| 260 |
_aSanto Domingo : _bOPS : _bOMS : _bUASD, _c1996. |
||
| 300 |
_a136 p. : _bil. ; _c28 cm. |
||
| 500 | _aIncluye referencias bibliograficas y notas al pie de las páginas. | ||
| 590 | _aInventariado, 2018/ YL | ||
| 650 | 4 |
_aSalud pública _zRepública Dominicana _92078 |
|
| 650 | 4 |
_aSeguridad social _zRepública Dominicana _92151 |
|
| 651 | 4 |
_aRepública Dominicana _xCondiciones Sociales _946 |
|
| 700 | 1 |
_aDuval Pérez, Maricela, _ecomp. _914470 |
|
| 700 | 1 |
_aBorrel Bentz, Rosa María, _ecomp. _914471 |
|
| 710 | 2 |
_aOrganización Panaméricana de la Salud _91055 |
|
| 710 | 2 |
_aOrganización Mundial de la Salud _91056 |
|
| 710 | 1 |
_aUniversidad Autónoma de Santo Domingo _972951 |
|
| 910 | _aValidado. Control de calidad EMS | ||
| 999 |
_c4828 _d4828 |
||